000
00340nam a2200145Ia 4500
008
230718s9999 xx 000 0 und d
041
_a
Eng.
082
_a
346.454
_b
MUH-W
100
_a
muhammad mumtaz
245
0
_a
waaf law in paksitan
260
_a
Pakistan
_b
omer law book house
_c
2018
300
_a
626
650
_a
Law
999
_c
33045
_d
33045